000 00583cab a2200217 4500
001 WB3429-43
008 090401t1998 xxu||||| |||| 00| 0 eng d
035 _a(Sirsi) u87670
041 _aeng
245 _aFarmers fear cash crisis
260 _c1998
350 _a0
490 _aFinancial Times
_v27 July 1998, 8(1)
520 _aBanks are reporting an increase in bank lending to farmers as farm profitability continues to decline.
650 _aBANK LENDING
650 _aDEBTS
650 _aFARMERS
690 _aRURAL PRACTICE
942 _n0
948 _c28/07/1998
999 _c55307
_d55307